| 000 -LEADER |
| fixed length control field |
01596 a2200313 4500 |
| 003 - CONTROL NUMBER IDENTIFIER |
| control field |
Nust |
| 005 - DATE AND TIME OF LATEST TRANSACTION |
| control field |
20170207154017.0 |
| 010 ## - LIBRARY OF CONGRESS CONTROL NUMBER |
| LC control number |
2004272795 |
| 020 ## - INTERNATIONAL STANDARD BOOK NUMBER |
| International Standard Book Number |
0596004273 |
| 035 ## - SYSTEM CONTROL NUMBER |
| System control number |
(CStRLIN)MIUGBBY2748-B |
| 035 ## - SYSTEM CONTROL NUMBER |
| System control number |
(III)iiio42268278 |
| 035 ## - SYSTEM CONTROL NUMBER |
| System control number |
(MiU)notisBBY2748 |
| 035 ## - SYSTEM CONTROL NUMBER |
| System control number |
(OCoLC)52196699 |
| 040 ## - CATALOGING SOURCE |
| Transcribing agency |
Nust |
| 082 00 - DEWEY DECIMAL CLASSIFICATION NUMBER |
| Classification number |
005.133 |
| 100 1# - MAIN ENTRY--PERSONAL NAME |
| Personal name |
Crawford, William, |
| 245 10 - TITLE STATEMENT |
| Title |
J2EE design patterns(E-BOOK) |
| Statement of responsibility, etc. |
William Crawford and Jonathan Kaplan. |
| 260 ## - PUBLICATION, DISTRIBUTION, ETC. |
| Place of publication, distribution, etc. |
Sebastopol, CA : |
| Name of publisher, distributor, etc. |
O'Reilly, |
| Date of publication, distribution, etc. |
2003. |
| 300 ## - PHYSICAL DESCRIPTION |
| Extent |
xvi, 350 p. : |
| Other physical details |
ill. ; |
| Dimensions |
24 cm. |
| 505 ## - FORMATTED CONTENTS NOTE |
| Formatted contents note |
Chapter 1. Java Enterprise Design, Chapter 2. The Unified Modeling Language, Chapter 3. Presentation Tier Architecture, Chapter 4. Advanced Presentation Tier Design, Chapter 5. Presentation Tier Scalability, Chapter 6. The Business Tier, Chapter 7. Tier Communications, Chapter 8. Database and Data Patterns, Chapter 9. Business Tier Interfaces, Chapter 10. Enterprise Concurrency, Chapter 11. Messaging, Chapter 12. J2EE Antipatterns, Appendix A. Presentation Tier Patterns. |
| 650 #0 - SUBJECT ADDED ENTRY--TOPICAL TERM |
| Topical term or geographic name entry element |
Computer software |
| General subdivision |
Development. |
| 650 #0 - SUBJECT ADDED ENTRY--TOPICAL TERM |
| Topical term or geographic name entry element |
Java (Computer program language) |
| 650 #0 - SUBJECT ADDED ENTRY--TOPICAL TERM |
| Topical term or geographic name entry element |
Software patterns. |
| 651 ## - SUBJECT ADDED ENTRY--GEOGRAPHIC NAME |
| Geographic name |
J2EE design patterns(E-BOOK) |
| 700 1# - ADDED ENTRY--PERSONAL NAME |
| Personal name |
Kaplan, Jonathan. |
| 856 42 - ELECTRONIC LOCATION AND ACCESS |
| Materials specified |
Contributor biographical information |
| Uniform Resource Identifier |
<a href="http://www.loc.gov/catdir/enhancements/fy0912/2004272795-b.html">http://www.loc.gov/catdir/enhancements/fy0912/2004272795-b.html</a> |
| 856 42 - ELECTRONIC LOCATION AND ACCESS |
| Materials specified |
Publisher description |
| Uniform Resource Identifier |
<a href="http://www.loc.gov/catdir/enhancements/fy0715/2004272795-d.html">http://www.loc.gov/catdir/enhancements/fy0715/2004272795-d.html</a> |
| 856 42 - ELECTRONIC LOCATION AND ACCESS |
| Materials specified |
Table of contents only |
| Uniform Resource Identifier |
<a href="http://www.loc.gov/catdir/enhancements/fy1010/2004272795-t.html">http://www.loc.gov/catdir/enhancements/fy1010/2004272795-t.html</a> |
| 942 ## - ADDED ENTRY ELEMENTS (KOHA) |
| Source of classification or shelving scheme |
|
| Koha item type |
Book |